00680nam0a22002171 4500001001100000005001700011021001900028035002600047100004100073101001300114102000700127105001800134200010300152210005000255215001500305700004100320702003700361801001800398801002200416852002400438rc\391406620250610125251.0 aRUb[54-26936] a(NLR Aleph) 007910936 a20130415d1954 |||y0rusy50 ca1 aruscbak aRU ay z |||a|1 aНа рассветеeСтихиfАвториз. пер. с башк. Я. Козловского aУфаcБашкир. кн. изд-воd1954 a52 с.d17 1aБикколbШ.f1924-gШариф 1aКозловскийbЯ.4730 0aRUbNLRgpsbo 1aRUbELAR2rusmarc aNLRjЛ40 Г-2/1002